| 000 | 00416nam a2200133Ia 4500 | ||
|---|---|---|---|
| 008 | 220217s9999||||xx |||||||||||||| ||und|| | ||
| 020 | _a81-7366-557-5 | ||
| 082 | _a005.43 ALL | ||
| 100 |
_aAllen, David. Scott, Andrew. Lewis, Herb. and Tuck, Tim _95648 |
||
| 245 | 0 | _aWindows linux migration toolkit | |
| 260 |
_aShroff publishers and dis. Pvt. _bMumbai _c2004 |
||
| 300 | _b475 | ||
| 650 | _aOperating systems | ||
| 999 |
_c176718 _d176718 |
||